|
|
|
|
| LEADER |
00000nam a22000005a 4500 |
| 003 |
CL-ChUAC |
| 005 |
20210107101600.0 |
| 007 |
ta |
| 008 |
170911ss/fecha ||||| |||| 000 || spa |
| 040 |
|
|
|a CL-ChBUA
|c CL-ChBUA
|e rda
|
| 082 |
0 |
0 |
|2 22
|a R 363
|
| 245 |
1 |
0 |
|a Medio Siglo de Zig-Zag
|
| 300 |
|
|
|a 462 páginas
|b ilustraciones
|c 29 centímetros
|
| 336 |
|
|
|2 rdacontent
|a text
|b txt
|
| 337 |
|
|
|2 rdamedia
|a unmediated
|b n
|
| 338 |
|
|
|2 rdacarrier
|a volume
|b nc
|
| 650 |
|
4 |
|a REVISTA ZIG-ZAG
|x HISTORIA
|y 1905-1955
|
| 942 |
|
|
|2 ddc
|c LIB
|
| 945 |
|
|
|0 nac
|
| 952 |
|
|
|0 0
|1 0
|2 ddc
|4 0
|6 R_363_000000000000000_M_491
|7 0
|9 1157927
|a UNACH
|b UNACH
|c CP
|d 2017-09-11
|i 61.614
|l 0
|o R 363 / M 491
|p 95676
|r 2017-09-11 00:00:00
|t 1
|w 2017-09-11
|y LIB
|
| 999 |
|
|
|c 2281021
|d 2281021
|